00573nam a22001697a 450000500170000001000150001702000260003203500140005803700130007208200160008510000220010124500630012326000480018627000950023430000210032950000530035020180620105230.0 aENG-123254 a9781108440509c495.00 aEN-106786 bDBAD/PUB a954.7035092 a Reza Pirbhai, M. aFatima Jinnah :cby M. Reza Pirbhaibmother of the nation/ aNew DelhibCambridge University Pressc2017 a314 to 321, 3rd Floor, Plot No. Splendor Forum, Jasola District Centre,bNew Delhie110025 a279p.c21cm(pbk) ait includes bibliographical references and index